<?xml version="1.0" encoding="UTF-8"?>
<record
    xmlns:xsi="http://www.w3.org/2001/XMLSchema-instance"
    xsi:schemaLocation="http://www.loc.gov/MARC21/slim http://www.loc.gov/standards/marcxml/schema/MARC21slim.xsd"
    xmlns="http://www.loc.gov/MARC21/slim">

  <leader>01873nam a2200241 a 4500</leader>
  <controlfield tag="001">000034771</controlfield>
  <controlfield tag="005">20250424134023.0</controlfield>
  <controlfield tag="008">111019s1957    sp            000 0 spa d</controlfield>
  <datafield tag="040" ind1=" " ind2=" ">
    <subfield code="a">DO-SdBNP</subfield>
    <subfield code="b">spa</subfield>
    <subfield code="c">BNPHU</subfield>
  </datafield>
  <datafield tag="082" ind1=" " ind2=" ">
    <subfield code="a">144</subfield>
    <subfield code="b">H117u</subfield>
  </datafield>
  <datafield tag="240" ind1="1" ind2="0">
    <subfield code="a">Pour un nouvel humanisme</subfield>
    <subfield code="l">espa&#xF1;ol</subfield>
  </datafield>
  <datafield tag="245" ind1="0" ind2="0">
    <subfield code="a">Hacia un nuevo humanismo /</subfield>
    <subfield code="c">presentaci&#xF3;n Jos&#xE9; L. Aranguren ; traducci&#xF3;n E. Caballero Calder&#xF3;n.</subfield>
  </datafield>
  <datafield tag="260" ind1=" " ind2=" ">
    <subfield code="a">Madrid :</subfield>
    <subfield code="b">Guadarrama,</subfield>
    <subfield code="c">1957.</subfield>
  </datafield>
  <datafield tag="300" ind1=" " ind2=" ">
    <subfield code="a">402 p. ;</subfield>
    <subfield code="c">19 cm.</subfield>
  </datafield>
  <datafield tag="490" ind1="1" ind2=" ">
    <subfield code="a">Colecci&#xF3;n Guadarrama de cr&#xED;tica y ensayo</subfield>
    <subfield code="v">9</subfield>
  </datafield>
  <datafield tag="500" ind1=" " ind2=" ">
    <subfield code="a">Traducido del franc&#xE9;s</subfield>
  </datafield>
  <datafield tag="505" ind1="0" ind2=" ">
    <subfield code="t">Sobre el humanismo /</subfield>
    <subfield code="r">Jos&#xE9; Luis L. Aranguren --</subfield>
    <subfield code="t">El Humanismo cl&#xE1;sico y el mundo moderno /</subfield>
    <subfield code="r">Ren&#xE9; Grousset --</subfield>
    <subfield code="g">Discusi&#xF3;n sobre la primera conferncia --</subfield>
    <subfield code="t">La actualidad del mensaje cristiano /</subfield>
    <subfield code="r">Karl Barth --</subfield>
    <subfield code="t">la actualidad del mensaje cristiano /</subfield>
    <subfield code="r">R. P. Maydieu --</subfield>
    <subfield code="g">Discusi&#xF3;n sobre las conferencias de Barth y Maydien --</subfield>
    <subfield code="g">Segunda discusi&#xF3;n sobre las conferencias de Barth y Maydien --</subfield>
    <subfield code="t">El hombre de las civilizaciones orientales /</subfield>
    <subfield code="r">Paul Mason-Oursel --</subfield>
    <subfield code="t">El hombre de las revoluciones t&#xE9;cnicas e industriales /</subfield>
    <subfield code="r">Maxime Leroy --</subfield>
    <subfield code="g">Discusi&#xF3;n sobre las conferencias de Masson-Oursel y Leroy --</subfield>
    <subfield code="t">El hombre de las revoluciones pol&#xED;ticas y sociales /</subfield>
    <subfield code="r">Henri Lef&#xE9;bvre --</subfield>
    <subfield code="t">el hombre en el universo visto por un escritor /</subfield>
    <subfield code="r">Jhon Middleton-Murry --</subfield>
    <subfield code="g">Discusi&#xF3;n sobre las conferencias de Lef&#xE9;bvre y Haldane --</subfield>
    <subfield code="g">Discusi&#xF3;n sobre la conferencia de Lef&#xE9;bvre --</subfield>
    <subfield code="g">Discusi&#xF3;n sobre las conferencias de Middleton-Murry, Lef&#xE9;bvre y Haldane --</subfield>
    <subfield code="t">Condiciones y posibilidades de un nuevo Humanismo /</subfield>
    <subfield code="r">Karl Jasper --</subfield>
    <subfield code="g">Conclusiones</subfield>
  </datafield>
  <datafield tag="650" ind1=" " ind2="0">
    <subfield code="a"> Humanismo</subfield>
    <subfield code="9">33685</subfield>
  </datafield>
  <datafield tag="700" ind1="1" ind2=" ">
    <subfield code="a">Aranguren, Jos&#xE9; Luis L.,</subfield>
    <subfield code="d">1909-1996</subfield>
    <subfield code="9">49974</subfield>
  </datafield>
  <datafield tag="700" ind1="1" ind2=" ">
    <subfield code="a">Caballero Calder&#xF3;n, E.,</subfield>
    <subfield code="d">1910-1993</subfield>
    <subfield code="9">60260</subfield>
  </datafield>
  <datafield tag="700" ind1="1" ind2=" ">
    <subfield code="a">Grousset, Ren&#xE9;,</subfield>
    <subfield code="d">1885-1952.</subfield>
    <subfield code="9">60261</subfield>
  </datafield>
  <datafield tag="830" ind1=" " ind2="0">
    <subfield code="a">Colecci&#xF3;n Guadarrama de cr&#xED;tica y ensayo</subfield>
    <subfield code="v">9</subfield>
    <subfield code="9">60262</subfield>
  </datafield>
  <datafield tag="952" ind1=" " ind2=" ">
    <subfield code="0">0</subfield>
    <subfield code="1">0</subfield>
    <subfield code="5">0</subfield>
    <subfield code="7">1</subfield>
    <subfield code="8">MO</subfield>
    <subfield code="a">GR</subfield>
    <subfield code="b">GR</subfield>
    <subfield code="c">HD</subfield>
    <subfield code="d">2011-10-19</subfield>
    <subfield code="i">LF1</subfield>
    <subfield code="l">0</subfield>
    <subfield code="o">144 H117u</subfield>
    <subfield code="p">34771-10</subfield>
    <subfield code="r">2020-06-25</subfield>
    <subfield code="w">2020-06-25</subfield>
    <subfield code="y">1</subfield>
    <subfield code="z">Perteneci&#xF3; a la biblioteca personal de Juan Isidro Jimenes -Grull&#xF3;n</subfield>
    <subfield code="Z">No se presta</subfield>
  </datafield>
  <datafield tag="999" ind1=" " ind2=" ">
    <subfield code="c">34262</subfield>
    <subfield code="d">34262</subfield>
  </datafield>
</record>
